<?xml version="1.0" encoding="UTF-8"?><?xml-stylesheet type="text/xsl" href="static/style.xsl"?><OAI-PMH xmlns="http://www.openarchives.org/OAI/2.0/" xmlns:xsi="http://www.w3.org/2001/XMLSchema-instance" xsi:schemaLocation="http://www.openarchives.org/OAI/2.0/ http://www.openarchives.org/OAI/2.0/OAI-PMH.xsd"><responseDate>2026-04-17T10:16:09Z</responseDate><request verb="GetRecord" identifier="oai:www.recercat.cat:2099.1/16597" metadataPrefix="marc">https://recercat.cat/oai/request</request><GetRecord><record><header><identifier>oai:recercat.cat:2099.1/16597</identifier><datestamp>2025-07-23T00:34:37Z</datestamp><setSpec>com_2072_1033</setSpec><setSpec>col_2072_452951</setSpec></header><metadata><record xmlns="http://www.loc.gov/MARC21/slim" xmlns:dcterms="http://purl.org/dc/terms/" xmlns:xsi="http://www.w3.org/2001/XMLSchema-instance" xmlns:doc="http://www.lyncode.com/xoai" xsi:schemaLocation="http://www.loc.gov/MARC21/slim http://www.loc.gov/standards/marcxml/schema/MARC21slim.xsd">
   <leader>00925njm 22002777a 4500</leader>
   <datafield ind2=" " ind1=" " tag="042">
      <subfield code="a">dc</subfield>
   </datafield>
   <datafield ind2=" " ind1=" " tag="720">
      <subfield code="a">Vallvé Navarro, Joan</subfield>
      <subfield code="e">author</subfield>
   </datafield>
   <datafield ind2=" " ind1=" " tag="260">
      <subfield code="c">2012-05</subfield>
   </datafield>
   <datafield ind2=" " ind1=" " tag="520">
      <subfield code="a">Premi al millor Projecte de Fi de Carrera presentat durant l'any 2012 en l'àmbit de Creativitat que atorga el COL·LEGI OFICIAL D'ENGINYERS INDUSTRIALS DE CATALUNYA (COEIC) i ASSOCIACIÓ D'ENGINYERS INDUSTRIALS DE CATALUNYA (AEIC).</subfield>
   </datafield>
   <datafield ind2=" " ind1=" " tag="520">
      <subfield code="a">El present projecte és el resultat d’un procés d’experimentació i estudi de viabilitat de&#xd;
l’aplicació de l’automàtica en la música. El que es pretén és analitzar fins a quin punt és&#xd;
factible, raonable, una proposta d’aplicació de l’automàtica a la música des del punt de vista&#xd;
d’eina al servei de la creativitat. El present projecte analitza un camí com és l’automatització&#xd;
d’instruments musicals i la seva integració en un conjunt musical automatitzat controlat per&#xd;
una interfície per a que un sol músic creï música en directe. S’exploren les possibilitats de la&#xd;
idea i la seva viabilitat desenvolupant una idea teòrica del conjunt musical automatitzat i&#xd;
creant dos prototips d’instruments automatitzats per a enfrontar-se a alguns dels reptes i&#xd;
problemàtiques que pot presentar traslladar la idea teòrica a la pràctica.&#xd;
Així, al llarg d’aquest document es desenvolupa la idea del funcionament i la naturalesa del&#xd;
conjunt musical automatitzat, assentant les bases tècniques i determinant les funcions,&#xd;
prestacions i requisits d’aquest.&#xd;
També es realitza la construcció de dos prototips d’instruments automatitzats, un metal·lòfon&#xd;
i un violí, en una primera versió d’avaluació. Els instruments escollits fins al moment aborden&#xd;
dues problemàtiques diferents: un instrument de percussió polifònic i un instrument melòdic&#xd;
de corda fregada per diversificar al màxim les experiències i aprenentatges que se’n puguin&#xd;
extreure.</subfield>
   </datafield>
   <datafield ind2=" " ind1=" " tag="520">
      <subfield code="a">Award-winning</subfield>
   </datafield>
   <datafield tag="653" ind2=" " ind1=" ">
      <subfield code="a">Àrees temàtiques de la UPC::Informàtica::Automàtica i control</subfield>
   </datafield>
   <datafield tag="653" ind2=" " ind1=" ">
      <subfield code="a">Music - Automation</subfield>
   </datafield>
   <datafield tag="653" ind2=" " ind1=" ">
      <subfield code="a">Música - Automatització</subfield>
   </datafield>
   <datafield ind2="0" ind1="0" tag="245">
      <subfield code="a">Disseny i construcció d'un conjunt musical automatitzat</subfield>
   </datafield>
</record></metadata></record></GetRecord></OAI-PMH>